Fugitive colours /
Selection of English translated short stories.
| Main Author: | |
|---|---|
| Other Authors: | |
| Format: | Book |
| Language: | English Bengali |
| Published: |
Dhaka :
Writers.ink : Distributed by University Press,
2010.
|
| Subjects: | |
| Classic Catalogue: | View this record in Classic Catalogue |
| LEADER | 01418nam a22003377a 4500 | ||
|---|---|---|---|
| 001 | 30987 | ||
| 003 | BD-DhAAL | ||
| 005 | 20160503102905.0 | ||
| 008 | 160503s2010 bg 000 1 eng | ||
| 010 | |a 2010347834 | ||
| 020 | |a 9789848715031 | ||
| 037 | |b Library of Congress -- New Delhi Overseas Office | ||
| 040 | |a DLC |c DLC |d DLC |d BD-DhAAL | ||
| 041 | 1 | |a eng |h ben | |
| 042 | |a lcode | ||
| 082 | 0 | 0 | |2 22 |a 891.44301 |
| 100 | 1 | |a Hossain, Selina, |d 1947- |9 19380 | |
| 240 | 1 | 0 | |a Short stories. |k Selections. |l English |
| 245 | 1 | 0 | |a Fugitive colours / |c Selina Hossain ; edited by Niaz Zaman. |
| 260 | |a Dhaka : |b Writers.ink : |b Distributed by University Press, |c 2010. | ||
| 300 | |a 121 pages. ; |c 22 cm. | ||
| 520 | |a Selection of English translated short stories. | ||
| 526 | |a ENH | ||
| 541 | |e 30987, 30988 | ||
| 600 | 1 | 0 | |a Hossain, Selina, |d 1947- |v Translations into English. |9 19381 |
| 650 | 0 | |a Short stories, Bengali |x Translations into English |9 19382 | |
| 700 | 1 | |a Zaman, Niaz. |9 19383 | |
| 942 | |2 ddc |c BK | ||
| 999 | |c 37516 |d 37516 | ||
| 952 | |0 0 |1 0 |2 ddc |4 0 |6 891_443010000000000_HOS |7 0 |9 58917 |a BRACUL |b BRACUL |c GEN |d 2016-05-03 |e Writers.ink |g 350.00 |l 2 |m 22 |o 891.44301 HOS |p 3010030987 |r 2018-05-27 |s 2018-01-10 |t 1 |w 2016-05-03 |y BK | ||
| 952 | |0 0 |1 0 |2 ddc |4 0 |6 891_443010000000000_HOS |7 0 |9 58918 |a BRACUL |b BRACUL |c GEN |d 2016-05-03 |e Writers.ink |g 350.00 |l 1 |m 2 |o 891.44301 HOS |p 3010030988 |r 2018-06-03 |s 2018-05-17 |t 2 |w 2016-05-03 |y BK | ||